[Event "GER-chT U20"]
[Site "Muenster"]
[Date "2022.12.30"]
[Round "7"]
[White "Scheifel, Maximilian"]
[Black "Giannakoglou, Alexandros"]
[Result "1-0"]
[WhiteElo "1561"]
[BlackElo "1353"]
[PlyCount "147"]
[EventDate "2022.12.26"]
[EventType "team-swiss"]
[EventRounds "7"]
[EventCountry "GER"]
[SourceTitle "CBM 212 Extra"]
[Source "ChessBase"]
[SourceDate "2023.03.31"]
[SourceVersion "1"]
[SourceVersionDate "2023.03.31"]
[SourceQuality "1"]
[WhiteTeam "Karlsruhe"]
[BlackTeam "Bebenhausen"]
[WhiteTeamCountry "GER"]
[BlackTeamCountry "GER"]

1. e4 e5 2. Nf3 Nc6 3. Bb5 a6 4. Ba4 Bc5 5. 0-0 Nf6 6. Re1 b5 7. Bb3 0-0 8. c3 d6 9. d3 h6 10. Nbd2 Bg4 11. Nf1 Re8 12. h3 Bh5 13. Ng3 Bg6 14. Be3 Bxe3 15. Rxe3 d5 16. Bc2 dxe4 17. dxe4 Qxd1+ 18. Rxd1 Na5 19. b3 c5 20. Rd6 c4 21. b4 Nb7 22. Rb6 Ra7 23. a4 Nd7 24. Rc6 f6 25. Rc7 Nf8 26. Nh4 Bf7 27. Ngf5 Ne6 28. Rd7 Rd8 29. Rxd8+ Nbxd8 30. Nd6 Rd7 31. Nhf5 Nb7 32. Nxb7 Rxb7 33. Re2 Rd7 34. f3 Nf4 35. Rf2 Kh7 36. Kh2 g6 37. Ne3 Be6 38. h4 Nh5 39. axb5 axb5 40. Bb1 Ng7 41. Ra2 f5 42. exf5 Nxf5 43. Ng4 Nxh4 44. Nf6+ Kg7 45. Nxd7 Bxd7 46. Ra7 Kf6 47. Rxd7 Nf5 48. Rb7 Nd6 49. Rb6 Ke6 50. Be4 g5 51. Kg3 h5 52. Rb8 Nf5+ 53. Bxf5+ Kxf5 54. Rxb5 h4+ 55. Kf2 g4 56. Rc5 h3 57. gxh3 gxh3 58. Rxc4 h2 59. Rh4 h1Q 60. Rxh1 e4 61. Ke3 exf3 62. Kxf3 Ke5 63. Rh5+ Kd6 64. Ke4 Kc6 65. Kd4 Kb6 66. Kc4 Ka6 67. Rh6+ Kb7 68. Kc5 Ka7 69. Kb5 Kb7 70. Rh7+ Kc8 71. Kc6 Kb8 72. b5 Ka8 73. b6 Kb8 74. Rh8# 1-0

[Event "GER-chT U20"]
[Site "Muenster"]
[Date "2022.12.28"]
[Round "4"]
[White "Peschel, Jan"]
[Black "Giannakoglou, Alexandros"]
[Result "0-1"]
[WhiteElo "1516"]
[BlackElo "1353"]
[PlyCount "62"]
[EventDate "2022.12.26"]
[EventType "team-swiss"]
[EventRounds "7"]
[EventCountry "GER"]
[SourceTitle "CBM 212 Extra"]
[Source "ChessBase"]
[SourceDate "2023.03.31"]
[SourceVersion "1"]
[SourceVersionDate "2023.03.31"]
[SourceQuality "1"]
[WhiteTeam "Biebertal"]
[BlackTeam "Bebenhausen"]
[WhiteTeamCountry "GER"]
[BlackTeamCountry "GER"]

1. e4 e5 2. Nf3 Nf6 3. Nc3 Nc6 4. Bc4 Bc5 5. 0-0 0-0 6. d3 h6 7. Be3 Bb6 8. Ne2 d6 9. Ng3 Na5 10. Bb5 Bxe3 11. fxe3 c6 12. Ba4 b5 13. Bb3 Nxb3 14. axb3 Qb6 15. Qd2 Re8 16. Nh4 Ng4 17. Rae1 Qd8 18. Nf3 d5 19. h3 dxe4 20. Nxe4 Nf6 21. Ng3 e4 22. Nd4 exd3 23. cxd3 Qc7 24. Ngf5 Bxf5 25. Rxf5 Rad8 26. Rc5 Qg3 27. Rxc6 Rxd4 28. Re2 Rdd8 29. Ra6 Rd7 30. d4 Rde7 31. Rxa7 Rxa7 0-1